| 000 | 01306nam a2200241 a 4500 | ||
|---|---|---|---|
| 001 | 000041822 | ||
| 005 | 20201002035756.0 | ||
| 008 | 131018s2005 sp 000 0 spa d | ||
| 020 | _a8400083660 | ||
| 040 |
_aDO-SdBNP _bspa _cBNPHU |
||
| 082 |
_axxxx _bxxxx |
||
| 245 | 0 | 0 |
_aNegociar en la Edad Media = Négocier Au Moyen Âge. : _bactas del Coloquio celebrado en Barcelona los días 14, 15 y 16 de octubre de 2004 = actes du colloque tenu à Barcelone du 14 au 16 octubre 2004. / _cMaría Teresa Ferrer Mallol, Jean-Marie Moeglin, Stéphane Péquignot, Manuel Sánchez Martínez. |
| 246 | 3 | 1 |
_aNégocier au moyen âge _bactes du colloque tenu à Barcelone du 14 au 16 octubre 2004 |
| 260 |
_aBarcelona, : _bConsejo Superior de Investigaciones Científicas _bInstitución Milá y Fontanals, Depto. de Estudios Mediavales Casa de Velázquez _bUniversité de Paris-XII (Val-de-Marne), _c2005. |
||
| 300 |
_a593 p. ; _c24 cm. |
||
| 490 | 1 |
_aAnuario de estudios medievales, anejo _v61 |
|
| 500 | _aIncluye notas y referencias bibliografícas al pie de página | ||
| 700 | 1 |
_aFerrer Mallol, María Teresa _968696 |
|
| 700 | 1 |
_aMoeglin, Jean-Marie _968697 |
|
| 700 | 1 |
_aPéquignot, Stéphane _968698 |
|
| 700 | 1 |
_aSánchez Martínez, Manuel _968485 |
|
| 830 | 0 |
_aAnuario de estudios medievales, anejo _v61 _964050 |
|
| 999 |
_c41311 _d41311 |
||